Devinez la Capitale Mystère #144 - Statistiques

Statistiques générales
  • Ce quiz a été pris 95 fois
  • Le résultat moyen est 27 sur 33
Statistiques - réponses
Type de Réponse Réponse % Correct
Lettre de l'Alphabet I
99%
Lettre Trouvée N
99%
Lettre de l'Alphabet R
99%
Lettre Trouvée A
97%
Lettre Trouvée B
97%
Lettre de l'Alphabet E
97%
Lettre Bien Placée A
96%
Lettre Trouvée L
96%
Lettre de l'Alphabet O
96%
Lettre de l'Alphabet S
96%
Lettre de l'Alphabet P
93%
Lettre de l'Alphabet M
92%
Lettre de l'Alphabet D
91%
Lettre Bien Placée N
91%
Lettre Bien Placée B
88%
Lettre de l'Alphabet G
88%
Lettre de l'Alphabet H
84%
Lettre Trouvée U
84%
Lettre de l'Alphabet K
83%
Lettre de l'Alphabet T
83%
Lettre de l'Alphabet C
75%
Lettre de l'Alphabet W
71%
Lettre de l'Alphabet V
70%
Lettre de l'Alphabet X
64%
Lettre Bien Placée L
63%
Lettre de l'Alphabet Y
63%
Lettre Bien Placée U
61%
Lettre de l'Alphabet Z
58%
Lettre de l'Alphabet F
57%
Lettre Bien Placée J
57%
Lettre Trouvée J
57%
Capitale Mystère Banjul
55%
Lettre de l'Alphabet Q
55%
Aucun quiz correspondant
Distribution des résultats
% des personnes avec chaque résultat
Percentile par nombre de réponses
Votre historique - résultats
Vous n’avez pas pris ce quiz